Struktura živě narozených novorozenců podle porodní hmotnosti a jejich novorozenecká a kojenecká úmrtnost ve druhé polovině 20. století v České republice

Bibliographic Details
Main Authors: Syrovátka, Augustin, 1913-2005 (Author), Šípek, A. (Author)
Format: Article
Language:Czech

MARC

LEADER 00000nab a2200000uu 4500
001 vtls011137872
003 SK-MaSNL
005 20260303190517.0
008 230218|2001 xo |||||||||||||||||cze|
015 |a SNBRB 
035 |a (urnnbn)urn:nbn:sk:snk:ar-007u8y 
035 |a (uuid)12362fb0-bb72-44cf-a12b-8a1f869542b0 
035 |a urn:nbn:sk:snk-abaqe9 
040 |a SNKBUCL  |b slo  |c SNKBUCL  |e AACR2 
041 0 |a cze 
044 |a xo  |c SK 
100 1 |a Syrovátka, Augustin,  |d 1913-2005  |4 aut  |9 232241 
245 1 0 |a Struktura živě narozených novorozenců podle porodní hmotnosti a jejich novorozenecká a kojenecká úmrtnost ve druhé polovině 20. století v České republice  |c A. Syrovátka, A. Šípek 
700 1 |a Šípek, A.  |4 aut  |9 836785 
773 0 |t Československá pediatrie : časopis Pediatrické společnosti časopis Československé pediatrické společnosti, sekce Československé lékařské společnosti J.E. Purkyně ; časopis České a Slovenské pediatrické společnosti  |g Roč. 56, č. 3 (2001), s. 167-173 
954 |a odborná, vedecká literatúra cudzojazyčná (svetová)  |2 lita 
958 |a OND 
958 |a EUIPO 
958 |a article14 
999 |c 2136608  |d 2138538